00580nam a2200169Ia 4500008004100000020001500041041001200056082001600068100002100084245006000105260002900165300000800194650001600202942000700218999001500225952017000240221030s9999 xx 000 0 und d a8170292476 aEnglish a105.23bCun aS. K. Cunningham 0aLearn Microsoft Assembler in a Daycby S. K. Cunningham bBPB PubaNew Delhic1994 a116 aBE Computer cBK c4803d4803 pBE 1058g45.00l0o105.23 Cunr2024-06-13 00:00:00w2022-10-30yBK003Print4070aMIETLIBbMIETLIBcBL-Academic Block C, FL-2, CUP-48, SH-4, R-4d2000-02-1210HBE